Detalles MARC
| 000 -CABECERA |
| campo de control de longitud fija |
00843nam a2200253 a 4500 |
| 001 - NÚMERO DE CONTROL |
| campo de control |
000022969 |
| 005 - FECHA Y HORA DE LA ÚLTIMA TRANSACCIÓN |
| campo de control |
20200930021913.0 |
| 008 - DATOS DE LONGITUD FIJA--INFORMACIÓN GENERAL |
| campo de control de longitud fija |
101123s1973 mx a 001 0 spa d |
| 040 ## - FUENTE DE LA CATALOGACIÓN |
| Centro catalogador/agencia de origen |
DO-SdBNP |
| Lengua de catalogación |
spa |
| Centro/agencia transcriptor |
BNPHU |
| 082 ## - NÚMERO DE LA CLASIFICACIÓN DECIMAL DEWEY |
| Número de clasificación |
541.042 |
| Número de documento/Ítem |
P615q |
| 049 ## - FONDOS LOCALES (OCLC) |
| Fondos de biblioteca |
BNGR |
| 100 1# - ENTRADA PRINCIPAL--NOMBRE DE PERSONA |
| Nombre de persona |
Pierce, James B. |
| 9 (RLIN) |
47233 |
| 245 10 - MENCIÓN DE TÍTULO |
| Título |
Química de la materia / |
| Mención de responsabilidad, etc. |
James B. Pierce ; traducción de Antonio Mijares Mijares. |
| 260 ## - PUBLICACIÓN, DISTRIBUCIÓN, ETC. |
| Lugar de publicación, distribución, etc. |
México : |
| Nombre del editor, distribuidor, etc. |
Houghton Mifflin Company, |
| Fecha de publicación, distribución, etc. |
c1973. |
| 300 ## - DESCRIPCIÓN FÍSICA |
| Extensión |
818 p. : |
| Otras características físicas |
il. ; |
| Dimensiones |
26 cm. |
| 500 ## - NOTA GENERAL |
| Nota general |
Incluye índice. |
| 534 ## - NOTA SOBRE LA VERSIÓN ORIGINAL |
| Frase introductoria |
Título de la obra en inglés: |
| Mención de título del original |
The chemistry of matter. |
| 650 #4 - PUNTO DE ACCESO ADICIONAL DE MATERIA--TÉRMINO DE MATERIA |
| Término de materia o nombre geográfico como elemento de entrada |
Soluciones (química) |
| 9 (RLIN) |
47234 |
| 650 #4 - PUNTO DE ACCESO ADICIONAL DE MATERIA--TÉRMINO DE MATERIA |
| Término de materia o nombre geográfico como elemento de entrada |
Propiedades de la materia |
| 9 (RLIN) |
47235 |
| 650 #4 - PUNTO DE ACCESO ADICIONAL DE MATERIA--TÉRMINO DE MATERIA |
| Término de materia o nombre geográfico como elemento de entrada |
Estructura química |
| 9 (RLIN) |
47236 |
| 650 #4 - PUNTO DE ACCESO ADICIONAL DE MATERIA--TÉRMINO DE MATERIA |
| Término de materia o nombre geográfico como elemento de entrada |
Fisicoquímica |
| 9 (RLIN) |
47237 |
| 700 1# - PUNTO DE ACCESO ADICIONAL--NOMBRE DE PERSONA |
| Nombre de persona |
Mijares Mijares, Antonio, |
| Término indicativo de función/relación |
tr. |
| 9 (RLIN) |
47238 |
| 910 ## - DATOS DE OPCIÓN DEL USUARIO (OCLC) |
| Datos de opción del usuario |
WM |